Score 0/9 Timer 05:00
0 Plays Today
Year Movie % Correct
2006She's the Man
90.9%
2003What a Girl Wants
83.4%
2007Hairspray
70.4%
2007Sydney White
67.7%
2002Big Fat Liar
45.6%
2005Robots
25.7%
2005Love Wrecked
24.8%
2008Living Proof
11.7%
2003Charlotte's Web 2: Wilbur's Great Adventure
11%

You're not logged in!

Compare scores with friends on all Sporcle quizzes.
OR
Log In

Sporcle TV

Today on Sporcle TV


Watch our educational content, quiz creation guides, and fun videos on Sporcle TV.

Show Comments

Extras

Top Quizzes Today


Score Distribution

Paid Content

Your Account Isn't Verified!

In order to create a playlist on Sporcle, you need to verify the email address you used during registration. Go to your Sporcle Settings to finish the process.

Report this User

Report this user for behavior that violates our Community Guidelines.

Details: